Public transit bus maintenance manpower planning / (Record no. 548326)
[ view plain ]
| 000 -LEADER | |
|---|---|
| fixed length control field | 00781cam a2200205 a 4500 |
| 020 ## - INTERNATIONAL STANDARD BOOK NUMBER | |
| International Standard Book Number | 0309038553 (pbk.) : |
| 082 00 - DEWEY DECIMAL CLASSIFICATION NUMBER | |
| Classification number | 629.287233 |
| Author Mark | DRA |
| 100 1# - MAIN ENTRY--PERSONAL NAME | |
| Personal name | Drake, Richard W. |
| 9 (RLIN) | 44564 |
| 245 10 - TITLE STATEMENT | |
| Title | Public transit bus maintenance manpower planning / |
| Statement of responsibility, etc. | Richard W. Drake and Douglas W. Carter. |
| 260 ## - PUBLICATION, DISTRIBUTION, ETC. | |
| Place of publication, distribution, etc. | Washington, D.C. : |
| Name of publisher, distributor, etc. | Transportation Research Board, National Research Council, |
| Date of publication, distribution, etc. | [1984] |
| 300 ## - PHYSICAL DESCRIPTION | |
| Extent | 56 p. : |
| Other physical details | ill. ; |
| Dimensions | 28 cm. |
| 490 1# - SERIES STATEMENT | |
| Series statement | Report / National Cooperative Transit Research & Development Program, |
| 500 ## - GENERAL NOTE | |
| General note | "December 1984." |
| 526 ## - STUDY PROGRAM INFORMATION NOTE | |
| Program name | 0 |
| Interest level | 0 |
| Reading level | 0 |
| Title point value | 629_287233000000000_DRA |
| 650 #0 - SUBJECT ADDED ENTRY--TOPICAL TERM | |
| Topical term or geographic name entry element | Buses |
| General subdivision | Maintenance and repair |
| -- | Planning. |
| 9 (RLIN) | 44565 |
| 650 #0 - SUBJECT ADDED ENTRY--TOPICAL TERM | |
| Topical term or geographic name entry element | Manpower planning. |
| 9 (RLIN) | 12422 |
| 650 #0 - SUBJECT ADDED ENTRY--TOPICAL TERM | |
| Topical term or geographic name entry element | MCE |
| 9 (RLIN) | 379 |
| 700 1# - ADDED ENTRY--PERSONAL NAME | |
| Personal name | Carter, Douglas W. |
| 9 (RLIN) | 44566 |
| 942 ## - ADDED ENTRY ELEMENTS (KOHA) | |
| Source of classification or shelving scheme | |
| Koha item type | Book |
| Withdrawn status | Lost status | Source of classification or shelving scheme | Damaged status | Not for loan | Permanent Location | Current Location | Date acquired | Total Checkouts | Full call number | Barcode | Date last seen | Price effective from | Koha item type |
|---|---|---|---|---|---|---|---|---|---|---|---|---|---|
| Military College of Engineering (MCE) | Military College of Engineering (MCE) | 08/27/2014 | 629.287233 DRA | MCE-42766 | 08/27/2014 | 08/27/2014 | Book |
